[Event "DVM U14w 2018"]
[Site "Neumünster GER"]
[Date "2018.12.29"]
[Round "5"]
[White "Neumann, Helena"]
[Black "Nanthivarman, Merymuthu"]
[Result "0-1"]
[Termination "normal"]
[Board "3.4"]
[WhiteElo "999"]
[BlackElo "1202"]
[WhiteClock "01:08:59"]
[BlackClock "00:38:10"]
[WhiteTeam "Gütersloher SV"]
[BlackTeam "OSG Baden-Baden"]
[PlyCount "60"]
[WhiteFideId "16275365"]
[BlackFideId "16255755"]
[EventCountry "GER"]
[EventRounds "7"]
[EventType "team-swiss"]
[EventDate "2018.12.26"]

1. e4 {[%clk 01:30:59]} {[%emt 00:00:01]} c5 {[%clk 01:30:52]} {[%emt
00:00:09]} 2. c3 {[%clk 01:31:23]} {[%emt 00:00:05]} e5 {[%clk 01:31:02]}
{[%emt 00:00:19]} 3. Nf3 {[%clk 01:31:11]} {[%emt 00:00:42]} Nc6 {[%clk
01:31:27]} {[%emt 00:00:05]} 4. d4 {[%clk 01:30:05]} {[%emt 00:01:36]} exd4
{[%clk 01:31:09]} {[%emt 00:00:48]} 5. cxd4 {[%clk 01:30:28]} {[%emt 00:00:08]}
cxd4 {[%clk 01:31:35]} {[%emt 00:00:04]} 6. Nxd4 {[%clk 01:30:50]} {[%emt
00:00:08]} g6 {[%clk 01:32:01]} {[%emt 00:00:03]} 7. Nf3 {[%clk 01:30:46]}
{[%emt 00:00:35]} Bg7 {[%clk 01:32:17]} {[%emt 00:00:13]} 8. Bc4 {[%clk
01:30:48]} {[%emt 00:00:28]} Nge7 {[%clk 01:25:33]} {[%emt 00:07:14]} 9. Ng5
{[%clk 01:25:02]} {[%emt 00:06:17]} Ne5 {[%clk 01:22:40]} {[%emt 00:03:22]} 10.
Bb3 {[%clk 01:24:04]} {[%emt 00:01:29]} Bf6 {[%clk 01:11:28]} {[%emt 00:11:42]}
11. Nc3 {[%clk 01:19:49]} {[%emt 00:04:45]} O-O {[%clk 01:08:36]} {[%emt
00:03:22]} 12. f4 {[%clk 01:19:31]} {[%emt 00:00:47]} Bxg5 {[%clk 01:07:39]}
{[%emt 00:01:27]} 13. fxe5 {[%emt 00:01:30]} Nc6 {[%clk 01:06:54]} {[%emt
00:01:14]} 14. Nd5 {[%clk 01:17:52]} {[%emt 00:01:10]} Nxe5 {[%clk 01:02:46]}
{[%emt 00:04:37]} 15. Be3 {[%clk 01:09:22]} {[%emt 00:09:02]} Bxe3 {[%clk
00:50:27]} {[%emt 00:12:49]} 16. Nxe3 {[%clk 01:09:36]} {[%emt 00:00:14]} Qg5
{[%clk 00:49:54]} {[%emt 00:01:04]} 17. Nf1 {[%clk 01:07:25]} {[%emt 00:02:42]}
Qxg2 {[%clk 00:46:16]} {[%emt 00:04:07]} 18. Ng3 {[%clk 01:07:17]} {[%emt
00:00:39]} Nf3+ {[%clk 00:46:19]} {[%emt 00:00:27]} 19. Qxf3 {[%clk 01:07:11]}
{[%emt 00:00:34]} Qxf3 {[%clk 00:46:40]} {[%emt 00:00:11]} 20. Rf1 {[%clk
01:07:13]} {[%emt 00:00:27]} Qe3+ {[%clk 00:46:49]} {[%emt 00:00:19]} 21. Kd1
{[%clk 01:07:31]} {[%emt 00:00:12]} d6 {[%clk 00:46:11]} {[%emt 00:01:10]} 22.
Rc1 {[%clk 01:07:40]} {[%emt 00:00:21]} Bg4+ {[%clk 00:45:15]} {[%emt
00:01:26]} 23. Kc2 {[%clk 01:08:02]} {[%emt 00:00:09]} Rac8+ {[%clk 00:44:56]}
{[%emt 00:00:48]} 24. Kb1 {[%clk 01:08:21]} {[%emt 00:00:12]} Rxc1+ {[%clk
00:45:12]} {[%emt 00:00:13]} 25. Rxc1 {[%clk 01:08:43]} {[%emt 00:00:08]} Qf2
{[%clk 00:42:45]} {[%emt 00:02:58]} 26. Rh1 {[%clk 01:08:48]} {[%emt 00:00:21]}
Bf3 {[%clk 00:42:30]} {[%emt 00:00:48]} 27. Rf1 {[%clk 01:08:53]} {[%emt
00:00:21]} Bxe4+ {[%clk 00:42:50]} {[%emt 00:00:15]} 28. Ka1 {[%clk 01:09:01]}
{[%emt 00:00:23]} Qg2 {[%clk 00:41:37]} {[%emt 00:01:40]} 29. a3 {[%clk
01:09:11]} {[%emt 00:00:21]} d5 {[%clk 00:38:28]} {[%emt 00:03:39]} 30. Rd1
{[%clk 01:08:59]} {[%emt 00:00:40]} Qxh2 {[%clk 00:38:10]} {[%emt 00:00:51]}
0-1

[Event "DVM U14w 2018"]
[Site "Neumünster GER"]
[Date "2018.12.29"]
[Round "5"]
[White "Becker, Linda"]
[Black "Basovskiy, Jana"]
[Result "1-0"]
[Termination "normal"]
[Board "4.1"]
[WhiteElo "1436"]
[BlackElo "1768"]
[WhiteTeam "SG Porz"]
[BlackTeam "SF Sasbach"]
[PlyCount "59"]
[WhiteFideId "16244753"]
[BlackFideId "16208617"]
[EventCountry "GER"]
[EventRounds "7"]
[EventType "team-swiss"]
[EventDate "2018.12.26"]

1. e4 c5 2. c3 Nf6 3. e5 Nd5 4. d4 cxd4 5. cxd4 e6 6. a3 Nc6 7. Nf3 d6 8. Bc4
Be7 9. O-O O-O 10. Qd3 Qc7 11. Re1 Rd8 12. exd6 Qxd6 13. Nc3 a6 14. Ne4 Qc7 15.
Ba2 Bd7 16. Bd2 Rac8 17. Rac1 Be8 18. h4 Nf4 19. Qe3 Ng6 20. h5 Nf8 21. h6 g6
22. Bb4 a5 23. Bxe7 Qxe7 24. Qf4 Kh8 25. d5 exd5 26. Neg5 Ne6 27. Nxe6 fxe6 28.
Rxe6 Qxe6 29. Qf8+ Qg8 30. Qf6+ 1-0

[Event "DVM U14w 2018"]
[Site "Neumünster GER"]
[Date "2018.12.29"]
[Round "5"]
[White "Ramien, Hannah"]
[Black "Schneider, Anna"]
[Result "0-1"]
[Termination "normal"]
[Board "4.3"]
[WhiteElo "1280"]
[BlackElo "1475"]
[WhiteTeam "SG Porz"]
[BlackTeam "SF Sasbach"]
[PlyCount "128"]
[WhiteFideId "16209982"]
[BlackFideId "16200527"]
[EventCountry "GER"]
[EventRounds "7"]
[EventType "team-swiss"]
[EventDate "2018.12.26"]

1. e4 e5 2. Nf3 Nc6 3. Bc4 Bc5 4. c3 Nf6 5. d3 d6 6. Nbd2 a6 7. Bb3 Ba7 8. O-O
O-O 9. h3 h6 10. Re1 Be6 11. Nf1 Qd7 12. Ng3 Ne7 13. Nh4 Bxh3 14. gxh3 Qxh3 15.
Qf3 Qxh4 16. Kg2 Qg4 17. Qxg4 Nxg4 18. f3 Nf6 19. Nf1 Ng6 20. Kg3 Nh5+ 21. Kg4
Nhf4 22. Bxf4 Nxf4 23. Rad1 Bf2 24. Re3 Bxe3 25. Nxe3 Ne6 26. Nd5 c6 27. Ne3 g6
28. Bxe6 fxe6 29. Nc4 Rad8 30. Rf1 Kg7 31. Kh4 g5+ 32. Kg4 Rf4+ 33. Kg3 Rh4 34.
Ne3 Rf4 35. Ng2 Rf6 36. Ne3 Rf4 37. Ng2 Rf6 38. Ne3 h5 39. Kh3 d5 40. Kg2 Rdf8
41. a3 g4 42. fxg4 Rxf1 43. Nxf1 hxg4 44. Ng3 Kg6 45. exd5 exd5 46. Kg1 Rf3 47.
Kg2 Rxd3 48. a4 Rxg3+ 49. Kxg3 Kf5 50. Kf2 Kf4 51. Kg2 e4 52. Kf2 g3+ 53. Kg2
e3 54. Kf1 Kf3 55. Ke1 g2 56. Kd1 g1=Q+ 57. Kc2 e2 58. Kb3 e1=Q 59. Ka2 Qa1+
60. Kb3 Qgd1+ 61. Kb4 Qxb2+ 62. Kc5 Qxc3+ 63. Kd6 Qf6+ 64. Kc5 Qdd4# 0-1

[Event "DVM U14w 2018"]
[Site "Neumünster GER"]
[Date "2018.12.29"]
[Round "5"]
[White "Eisele, Lea Carolin"]
[Black "Popovidi, Angeliki"]
[Result "1-0"]
[Termination "normal"]
[Board "4.4"]
[WhiteElo "930"]
[BlackElo "715"]
[WhiteTeam "SF Sasbach"]
[BlackTeam "SG Porz"]
[PlyCount "83"]
[WhiteFideId "16255780"]
[BlackFideId "16255844"]
[EventCountry "GER"]
[EventRounds "7"]
[EventType "team-swiss"]
[EventDate "2018.12.26"]

1. e4 e5 2. Nf3 Nc6 3. Nc3 Nf6 4. Bc4 Nxe4 5. Nxe4 d5 6. Bxd5 Qxd5 7. Nc3 Qd8
8. d3 Bf5 9. Qe2 Bd6 10. d4 Nb4 11. O-O Nxc2 12. Rb1 Nxd4 13. Nxd4 Bxb1 14.
Nxb1 Qe7 15. Nf5 Qf6 16. Nxd6+ Qxd6 17. Qb5+ c6 18. Qxb7 O-O 19. Qb3 Qd5 20.
Qg3 Rad8 21. Nc3 Qe6 22. Bg5 Rd4 23. Qf3 Qg4 24. Qxc6 Rc8 25. Qb7 Rdc4 26. Qe7
R4c7 27. Qxe5 f6 28. Qd5+ Kf8 29. Be3 Rd7 30. Qe4 Qxe4 31. Nxe4 Re7 32. Nd6 Rc2
33. Bd4 Rd2 34. Bc5 Rxb2 35. Nc8 Rc2 36. Bxe7+ Kf7 37. Nxa7 Rc7 38. Bxf6 Kxf6
39. Nb5 Rc2 40. a4 Rc4 41. Ra1 Ke6 42. h3 1-0

[Event "DVM U14w 2018"]
[Site "Neumünster GER"]
[Date "2018.12.29"]
[Round "5"]
[White "Schwegler, Jelena"]
[Black "Gehrke, Gina Celina"]
[Result "0-1"]
[Termination "normal"]
[Board "5.1"]
[WhiteElo "1473"]
[BlackElo "1366"]
[WhiteTeam "SK Bad Homburg"]
[BlackTeam "SC Weisse Dame"]
[PlyCount "38"]
[WhiteFideId "16225481"]
[BlackFideId "16205979"]
[EventCountry "GER"]
[EventRounds "7"]
[EventType "team-swiss"]
[EventDate "2018.12.26"]

1. e4 c5 2. d4 g6 3. d5 Bg7 4. Nc3 d6 5. f4 e6 6. Bb5+ Bd7 7. Bxd7+ Qxd7 8. Nf3
Ne7 9. O-O Na6 10. Qe2 Nc7 11. dxe6 Nxe6 12. Nd5 O-O 13. c3 Rfe8 14. Qf2 Nxd5
15. exd5 Nc7 16. Rd1 Re7 17. Qh4 Rae8 18. Rb1 b5 19. Rd3 Qf5 0-1

[Event "DVM U14w 2018"]
[Site "Neumünster GER"]
[Date "2018.12.29"]
[Round "5"]
[White "Gutmann, Anna"]
[Black "Goetz, Fenja"]
[Result "1/2-1/2"]
[Termination "normal"]
[Board "5.2"]
[WhiteElo "1499"]
[BlackElo "1465"]
[WhiteTeam "SC Weisse Dame"]
[BlackTeam "SK Bad Homburg"]
[PlyCount "94"]
[WhiteFideId "16208889"]
[BlackFideId "16250516"]
[EventCountry "GER"]
[EventRounds "7"]
[EventType "team-swiss"]
[EventDate "2018.12.26"]

1. e4 c5 2. Nf3 Nc6 3. d4 cxd4 4. Nxd4 g6 5. c4 Bg7 6. Be3 d6 7. Nc3 Bd7 8. Be2
Nf6 9. O-O O-O 10. Nc2 Rc8 11. f3 a6 12. Rc1 Ne5 13. Na3 Qa5 14. Qd2 Rce8 15.
Nab1 Nc6 16. Rfd1 Rc8 17. b3 Rfe8 18. Rf1 Ne5 19. h3 Nh5 20. f4 Ng3 21. fxe5
Nxf1 22. Rxf1 Bxe5 23. Bf4 Qc5+ 24. Kh1 Bg7 25. Nd5 Be6 26. Be3 Qc6 27. Rc1 Rb8
28. Nbc3 Qd7 29. Nf4 Red8 30. Nxe6 Qxe6 31. Bf3 Qd7 32. Nd5 Re8 33. Nb6 Qc7 34.
c5 dxc5 35. Bxc5 Qg3 36. Bf2 Qd6 37. Qxd6 exd6 38. Bg3 Be5 39. Bxe5 dxe5 40.
Nd5 Kg7 41. g4 Rbc8 42. Rxc8 Rxc8 43. a3 b5 44. a4 bxa4 45. bxa4 Rc1+ 46. Kh2
Ra1 47. Nb6 a5 1/2-1/2

[Event "DVM U14w 2018"]
[Site "Neumünster GER"]
[Date "2018.12.29"]
[Round "5"]
[White "Tychyna, Margarita"]
[Black "Fayngold, Sophie Olivia"]
[Result "0-1"]
[Termination "normal"]
[Board "5.3"]
[WhiteElo "804"]
[BlackElo "1378"]
[WhiteTeam "SK Bad Homburg"]
[BlackTeam "SC Weisse Dame"]
[PlyCount "60"]
[WhiteFideId "16275349"]
[BlackFideId "16244761"]
[EventCountry "GER"]
[EventRounds "7"]
[EventType "team-swiss"]
[EventDate "2018.12.26"]

1. e4 e5 2. Nf3 Nc6 3. d4 exd4 4. Nxd4 Bc5 5. Nb3 Bb6 6. Nc3 Nf6 7. Bg5 d6 8.
Bb5 h6 9. Bh4 g5 10. Bg3 Qe7 11. Nd2 Be6 12. O-O h5 13. h3 h4 14. Bh2 g4 15.
hxg4 Bxg4 16. Qe1 O-O-O 17. Bxc6 bxc6 18. e5 dxe5 19. Bxe5 Rhg8 20. Kh1 h3 21.
Rg1 hxg2+ 22. Rxg2 Rxd2 23. Rg1 Bf3+ 24. Kh2 Rxf2+ 25. Qxf2 Rh8+ 26. Kg3 Bxf2+
27. Kxf2 Qxe5 28. Kxf3 Rh3+ 29. Kf2 Qe3+ 30. Kg2 Qf3# 0-1

[Event "DVM U14w 2018"]
[Site "Neumünster GER"]
[Date "2018.12.29"]
[Round "5"]
[White "Kiesel, Lara"]
[Black "Falke, Ornella"]
[Result "1/2-1/2"]
[Termination "normal"]
[Board "6.1"]
[WhiteElo "1517"]
[BlackElo "1509"]
[WhiteTeam "SC Borussia Lichtenberg"]
[BlackTeam "Elmshorner SC"]
[PlyCount "63"]
[WhiteFideId "12973785"]
[BlackFideId "16207092"]
[EventCountry "GER"]
[EventRounds "7"]
[EventType "team-swiss"]
[EventDate "2018.12.26"]

1. e4 c5 2. Nc3 a6 3. g3 e6 4. Bg2 Nc6 5. d3 Nf6 6. Be3 Be7 7. f4 d6 8. Nf3 Ng4
9. Bd2 Qb6 10. h3 Nh6 11. Na4 Qa7 12. g4 b5 13. Nc3 b4 14. Ne2 f5 15. g5 Nf7
16. exf5 exf5 17. Nh4 Qd7 18. Nxf5 Bf8 19. O-O g6 20. Ne3 h6 21. Nd5 Qb7 22.
Qe1 Nfd8 23. Nf6+ Kf7 24. Ng3 Bg7 25. f5 gxf5 26. Nxf5 Bxf5 27. Rxf5 Qc8 28.
Qe4 Nd4 29. Ng4+ Nxf5 30. Rf1 Kg6 31. Qxa8 Qxa8 32. Bxa8 1/2-1/2

[Event "DVM U14w 2018"]
[Site "Neumünster GER"]
[Date "2018.12.29"]
[Round "5"]
[White "Relógio Stauber, Anna"]
[Black "Margaryan, Susanna"]
[Result "1-0"]
[Termination "normal"]
[Board "6.3"]
[WhiteElo "1327"]
[BlackElo "960"]
[WhiteTeam "SC Borussia Lichtenberg"]
[BlackTeam "Elmshorner SC"]
[PlyCount "137"]
[WhiteFideId "16255771"]
[BlackFideId "16268210"]
[EventCountry "GER"]
[EventRounds "7"]
[EventType "team-swiss"]
[EventDate "2018.12.26"]

1. d4 d5 2. Nf3 e6 3. e3 c6 4. Bd3 Nf6 5. Nbd2 Nbd7 6. O-O Qa5 7. c3 Bd6 8. e4
dxe4 9. Nxe4 Nxe4 10. Bxe4 O-O 11. Bd2 Qc7 12. Qc2 f5 13. Bd3 Nf6 14. Rfe1 Bd7
15. Bc4 Ne4 16. h3 Rae8 17. Bd3 Nxd2 18. Qxd2 h6 19. Re2 Rf6 20. Rae1 Qd8 21.
Ne5 Bxe5 22. dxe5 Rg6 23. Bc4 Bc8 24. Qf4 Qg5 25. Qxg5 Rxg5 26. f4 Rg6 27. Rd2
h5 28. Red1 b5 29. Rd8 Kf7 30. Be2 Rh6 31. R8d6 g6 32. Rxc6 a6 33. c4 Bb7 34.
Rc7+ Re7 35. Rdd7 Rxd7 36. Rxd7+ Ke8 37. Rxb7 bxc4 38. Bxc4 g5 39. fxg5 Rg6 40.
h4 a5 41. Be2 Kf8 42. Bxh5 Rg7 43. Rxg7 Kxg7 44. g4 fxg4 45. Bxg4 Kf7 46. h5 a4
47. b3 axb3 48. axb3 Ke7 49. Kf2 Kf7 50. Bxe6+ Kxe6 51. g6 Ke7 52. h6 Kf8 53.
Ke3 Ke7 54. h7 Ke6 55. h8=Q Kd5 56. Qh4 Kxe5 57. Qf4+ Ke6 58. Kd3 Kd5 59. Qe3
Kc6 60. Qd4 Kb5 61. Qc4+ Kb6 62. Qd5 Ka6 63. Qc5 Kb7 64. Qd6 Kc8 65. Qe7 Kb8
66. Kc4 Kc8 67. Kc5 Kb8 68. Kb6 Ka8 69. Qa7# 1-0

[Event "DVM U14w 2018"]
[Site "Neumünster GER"]
[Date "2018.12.29"]
[Round "5"]
[White "Ahrens, Merle"]
[Black "Klühs, Isabel"]
[Result "0-1"]
[Termination "normal"]
[Board "6.4"]
[WhiteElo "1105"]
[BlackElo "1412"]
[WhiteTeam "Elmshorner SC"]
[BlackTeam "SC Borussia Lichtenberg"]
[PlyCount "108"]
[WhiteFideId "16266200"]
[BlackFideId "16228944"]
[EventCountry "GER"]
[EventRounds "7"]
[EventType "team-swiss"]
[EventDate "2018.12.26"]

1. d4 d5 2. c4 e6 3. Nc3 Nf6 4. Bf4 Be7 5. e3 O-O 6. Bd3 b6 7. Nge2 Bd6 8. Bxd6
Qxd6 9. cxd5 exd5 10. O-O Ng4 11. g3 Nf6 12. Kg2 Bb7 13. a3 c5 14. b3 c4 15.
Bc2 Na6 16. Kg1 Qc6 17. b4 Nc7 18. Nf4 b5 19. Qf3 Qd7 20. a4 a6 21. a5 Rad8 22.
Rfe1 Bc6 23. Qg2 Rfe8 24. Re2 Ne6 25. Nxe6 Qxe6 26. Rae1 Qd6 27. f4 Qxb4 28.
Na2 Qxa5 29. Ra1 Qb6 30. Nb4 Ra8 31. Bb1 a5 32. Nxc6 Qxc6 33. h3 b4 34. Kf2
Reb8 35. Ba2 b3 36. Rb2 Ne4+ 37. Ke1 bxa2 38. Rxb8+ Rxb8 39. Rxa2 Rb1+ 40. Ke2
Nc3+ 41. Kf3 Nxa2 42. Qxa2 Qb5 43. Qc2 g6 44. g4 Qb3 45. Qg2 c3 46. f5 Qd1+ 47.
Kg3 Qe1+ 48. Kh2 Rb2 49. e4 Rxg2+ 50. Kxg2 c2 51. exd5 Qe3 52. d6 c1=R 53. d7
Rc2+ 54. Kf1 Qf2# 0-1

[Event "DVM U14w 2018"]
[Site "Neumünster GER"]
[Date "2018.12.29"]
[Round "5"]
[White "Bardorz, Jana"]
[Black "Petrosyan, Ani"]
[Result "1-0"]
[Termination "normal"]
[Board "7.1"]
[WhiteElo "1722"]
[BlackElo "1345"]
[WhiteTeam "Karlsruher SF"]
[BlackTeam "TuRa Harksheide Norderstedt 1"]
[PlyCount "63"]
[WhiteFideId "16208897"]
[BlackFideId "16248015"]
[EventCountry "GER"]
[EventRounds "7"]
[EventType "team-swiss"]
[EventDate "2018.12.26"]

1. e4 c6 2. d4 d5 3. exd5 cxd5 4. c4 Nf6 5. Nc3 Nc6 6. Nf3 e6 7. cxd5 Nxd5 8.
Bb5 a6 9. Bxc6+ bxc6 10. Ne5 Qc7 11. O-O Be7 12. Re1 O-O 13. Nxd5 cxd5 14. Bf4
Qb6 15. Re2 Rd8 16. Rc1 Bb7 17. Rec2 Rac8 18. Nd7 Qb5 19. Nc5 h6 20. Nxb7 Qxb7
21. Rc7 Rxc7 22. Rxc7 Qb4 23. a3 Qxb2 24. Rxe7 Qxa3 25. Rb7 Rc8 26. Qb1 Qc3 27.
Rb8 Kf8 28. Bd6+ Ke8 29. Bc5 Kd8 30. Qb6+ Kd7 31. Qd6+ Ke8 32. Rxc8# 1-0

[Event "DVM U14w 2018"]
[Site "Neumünster GER"]
[Date "2018.12.29"]
[Round "5"]
[White "Foos, Vanessa"]
[Black "Schulz, Hannah"]
[Result "0-1"]
[Termination "normal"]
[Board "7.2"]
[WhiteElo "1177"]
[BlackElo "1518"]
[WhiteTeam "TuRa Harksheide Norderstedt 1"]
[BlackTeam "Karlsruher SF"]
[PlyCount "84"]
[WhiteFideId "16245270"]
[BlackFideId "16244745"]
[EventCountry "GER"]
[EventRounds "7"]
[EventType "team-swiss"]
[EventDate "2018.12.26"]

1. d4 Nf6 2. c4 c5 3. d5 b5 4. b3 b4 5. Nf3 g6 6. a3 bxa3 7. Rxa3 d6 8. g3 Bg7
9. Bg2 Na6 10. Bf4 Nb4 11. O-O O-O 12. Qd2 Ne4 13. Qc1 Re8 14. Nfd2 Nxd2 15.
Nxd2 Bf5 16. e4 Bd7 17. Nf3 Nd3 18. Qd2 Nxf4 19. Qxf4 Qb6 20. Ng5 Rf8 21. h4
Qb4 22. Qc1 Bc3 23. Rd1 Bg7 24. Rd3 a5 25. Ra2 h6 26. Nh3 Kh7 27. Qd1 a4 28.
bxa4 Qxc4 29. Rda3 Ra5 30. h5 Qd4 31. hxg6+ fxg6 32. Qxd4 Bxd4 33. Nf4 Rfa8 34.
Rb3 R8a7 35. Rba3 Rxa4 36. Rxa4 Rxa4 37. Rxa4 Bxa4 38. Kf1 Bd7 39. Ke2 Kg7 40.
f3 Kf6 41. Kd2 h5 42. Bf1 Bf2 0-1

[Event "DVM U14w 2018"]
[Site "Neumünster GER"]
[Date "2018.12.29"]
[Round "5"]
[White "Chung, Dana"]
[Black "Rößl, Sara"]
[Result "1-0"]
[Termination "normal"]
[Board "7.3"]
[WhiteElo "1315"]
[BlackElo "908"]
[WhiteTeam "Karlsruher SF"]
[BlackTeam "TuRa Harksheide Norderstedt 1"]
[PlyCount "97"]
[WhiteFideId "16235290"]
[BlackFideId "16255828"]
[EventCountry "GER"]
[EventRounds "7"]
[EventType "team-swiss"]
[EventDate "2018.12.26"]

1. Nf3 Nc6 2. d4 d5 3. c4 e6 4. Nc3 Nf6 5. Bg5 Bb4 6. e3 O-O 7. Bd3 Re8 8. O-O
Be7 9. a3 Bd6 10. Qc2 g6 11. cxd5 exd5 12. Nxd5 Be7 13. Nxf6+ Bxf6 14. Bxf6
Qxf6 15. Rfc1 Bd7 16. b4 Rac8 17. b5 Na5 18. Qc3 b6 19. Ne5 Qg5 20. Nxd7 Qe7
21. Ne5 Qe6 22. Nc6 Nb3 23. Bc4 Nxc1 24. Rxc1 Qf6 25. Nxa7 Rcd8 26. Nc6 Rd7 27.
a4 Qh4 28. a5 bxa5 29. Qxa5 Rc8 30. Ne5 Qf6 31. Nxd7 Qd6 32. Ne5 Rf8 33. Bb3
Rc8 34. Bxf7+ Kf8 35. Rc6 Qe7 36. b6 Qd8 37. b7 Rb8 38. Qxc7 Qxc7 39. Rxc7 Kg7
40. Bd5+ Kh6 41. Rc8 Rxb7 42. Bxb7 Kg5 43. d5 Kf5 44. d6 Kxe5 45. d7 g5 46.
d8=Q Kf5 47. Qf8+ Kg4 48. Qf3+ Kh4 49. Qh3# 1-0

[Event "DVM U14w 2018"]
[Site "Neumünster GER"]
[Date "2018.12.29"]
[Round "5"]
[White "Chen, Michelle"]
[Black "Shevchenko, Alyona"]
[Result "0-1"]
[Termination "normal"]
[Board "7.4"]
[WhiteElo "799"]
[BlackElo "1300"]
[WhiteTeam "TuRa Harksheide Norderstedt 1"]
[BlackTeam "Karlsruher SF"]
[PlyCount "52"]
[WhiteFideId "16275403"]
[BlackFideId "12983420"]
[EventCountry "GER"]
[EventRounds "7"]
[EventType "team-swiss"]
[EventDate "2018.12.26"]

1. d4 c6 2. c4 d5 3. cxd5 cxd5 4. Nc3 Bf5 5. Nf3 e6 6. Bf4 Qb6 7. e3 a6 8. Na4
Qb4+ 9. Nc3 Qxb2 10. Rc1 Ba3 11. e4 dxe4 12. Nh4 Qb4 13. Nxf5 exf5 14. Rc2 Ne7
15. Bc4 Qxc4 16. Nb1 Bb4+ 17. Nd2 Bxd2+ 18. Qxd2 Qd3 19. Qc1 O-O 20. Bd6 Nbc6
21. Bxe7 Nxe7 22. Rd2 Qb5 23. Re2 Rac8 24. Qa3 Rfe8 25. Qe3 Qb1+ 26. Kd2 Rc2#
0-1

[Event "DVM U14w 2018"]
[Site "Neumünster GER"]
[Date "2018.12.29"]
[Round "5"]
[White "Orlova, Alicia"]
[Black "Niesch, Sarah"]
[Result "1-0"]
[Termination "normal"]
[Board "8.1"]
[WhiteElo "1616"]
[BlackElo "1084"]
[WhiteTeam "SF Gerresheim"]
[BlackTeam "SC Leipzig Lindenau"]
[PlyCount "103"]
[WhiteFideId "34154563"]
[BlackFideId "16211294"]
[EventCountry "GER"]
[EventRounds "7"]
[EventType "team-swiss"]
[EventDate "2018.12.26"]

1. e4 e5 2. Nf3 Nc6 3. Bc4 Nf6 4. d3 Bc5 5. Nc3 d6 6. a3 h6 7. Be3 Bb6 8. Qd2
Ng4 9. h3 Nxe3 10. fxe3 Bd7 11. Na4 O-O 12. Nxb6 axb6 13. O-O Qf6 14. Rf2 Na5
15. Ba2 Qg6 16. Kh1 c6 17. b4 Nc4 18. Bxc4 d5 19. exd5 b5 20. Bb3 cxd5 21. Bxd5
Bc6 22. Bb3 Rad8 23. Nxe5 Qd6 24. d4 Qc7 25. Kg1 Be4 26. Raf1 Bd5 27. Bxd5 Rxd5
28. Qe2 b6 29. Qf3 Rdd8 30. Qc6 Qe7 31. Qc3 Qe6 32. Qb3 Qd6 33. Nxf7 Rxf7 34.
Rxf7 Kh8 35. Qc3 Qg6 36. Rf8+ Rxf8 37. Rxf8+ Kh7 38. Qd3 h5 39. Rh8+ Kxh8 40.
Qxg6 Kg8 41. Qxb6 Kf7 42. Qxb5 Ke7 43. Qd5 Ke8 44. b5 h4 45. b6 Ke7 46. b7 g5
47. b8=R g4 48. Qc6 g3 49. Re8+ Kf7 50. Qe6+ Kg7 51. Rg8+ Kh7 52. Qg6# 1-0

[Event "DVM U14w 2018"]
[Site "Neumünster GER"]
[Date "2018.12.29"]
[Round "5"]
[White "Orlova, Anna-Daria"]
[Black "Ezold, Johanna Sophie"]
[Result "1-0"]
[Termination "normal"]
[Board "8.3"]
[WhiteElo "859"]
[BlackElo "994"]
[WhiteTeam "SF Gerresheim"]
[BlackTeam "SC Leipzig Lindenau"]
[PlyCount "51"]
[WhiteFideId "16275381"]
[BlackFideId "16275411"]
[EventCountry "GER"]
[EventRounds "7"]
[EventType "team-swiss"]
[EventDate "2018.12.26"]

1. e4 e5 2. Nf3 Nc6 3. Bc4 Bc5 4. d3 d6 5. h3 Bd7 6. Nc3 h6 7. O-O Nf6 8. Be3
Bxe3 9. fxe3 O-O 10. Qe2 a6 11. Qf2 Qe7 12. Rae1 b5 13. Bb3 b4 14. Nd5 Qd8 15.
Nh2 Nxd5 16. Bxd5 Be8 17. Qf3 Rb8 18. Qf2 Qd7 19. Qg3 Qe7 20. Ng4 a5 21. Nxh6+
Kh7 22. Nxf7 Bd7 23. Ng5+ Kg6 24. Ne6+ Kh7 25. Nxf8+ Kh8 26. Ng6+ 1-0

[Event "DVM U14w 2018"]
[Site "Neumünster GER"]
[Date "2018.12.29"]
[Round "5"]
[White "Buchholz, Maja"]
[Black "Kopylov, Diana"]
[Result "1-0"]
[Termination "normal"]
[Board "9.1"]
[WhiteElo "1517"]
[BlackElo "765"]
[WhiteTeam "SV 1920 Hofheim"]
[BlackTeam "TuRa Harksheide Norderstedt 2"]
[PlyCount "77"]
[WhiteFideId "16200500"]
[BlackFideId "16268865"]
[EventCountry "GER"]
[EventRounds "7"]
[EventType "team-swiss"]
[EventDate "2018.12.26"]

1. c4 e5 2. Nc3 Nf6 3. g3 Bc5 4. Bg2 O-O 5. d3 h6 6. Nf3 Nc6 7. O-O d6 8. a3
Bb6 9. b4 Bd4 10. Bb2 Bxc3 11. Bxc3 Be6 12. Rc1 Qd7 13. Re1 Bh3 14. Bh1 Ne7 15.
d4 exd4 16. Nxd4 Rab8 17. Qc2 c5 18. Nb3 cxb4 19. axb4 Qc7 20. Bd4 Nc6 21. Bc3
Qb6 22. Qd2 Rbd8 23. Nd4 Ne5 24. Qa2 Ne4 25. Bxe4 Rde8 26. Bd5 Bg4 27. Ra1 Qc7
28. Nb5 Qe7 29. Qxa7 Qf6 30. Qxb7 Bf3 31. exf3 Nxf3+ 32. Bxf3 Qg6 33. Rxe8 Rxe8
34. Ra8 Rxa8 35. Qxa8+ Kh7 36. Qb7 Qb1+ 37. Kg2 Qd3 38. Be4+ Kh8 39. Qc8# 1-0